| 000 | 00669nam a2200217Ia 4500 | ||
|---|---|---|---|
| 001 | 12466 | ||
| 003 | GE_BSU | ||
| 008 | 181216s||||||||xx |||||||||||||| ||und|| | ||
| 040 | _cGE_BSU | ||
| 080 | _a634(075.32) | ||
| 100 | _aКочеткова,В.А.;Рясений,Р.Я. и др. | ||
| 245 | _aПлодоводство | ||
| 245 | _bУч-к для сельхоз техник-в по "Плодоовощеводство | ||
| 245 | _cПод.ред. А.П.Драгавцева.Ред.В.Н.Озеров | ||
| 260 | _aМосква | ||
| 260 | _bКолос | ||
| 260 | _c1969 | ||
| 300 | _a462стр.21см. | ||
| 653 | _aПлодоводство | ||
| 942 | _cBK | ||
| 999 |
_c45640 _d45640 |
||